000 00607nam a22002057a 4500
005 20251108164109.0
008 250721s1994 xx 000 0 ara d
082 1 4 _a340/نبي
100 1 _aسعد، نبيل إبراهيم
245 1 0 _aمبادئ القانون المصري و اللبناني /
264 1 _aالقاهرة :
_bالدار الجامعية،
_c1994.
300 _a544ص
490 0 _aالمكتبة القانونية
650 1 7 _aالقانون
650 1 7 _aمصر
650 1 7 _aلبنان
700 1 _aأبو السعود، رمضان
942 _2ddc
_cBK
999 _c3539
_d3539